Research Methods for Business and Social Science Students

Na minha lista:
Detalhes bibliográficos
Autor principal: Adams, John
Outros Autores: Khan, Hafiz T. A., Raeside, Robert
Formato: Livro
Idioma:inglês
Publicado em: New Delhi SAGE 2014
Edição:2nd Edition
Assuntos:
Tags: Adicionar Tag
Sem tags, seja o primeiro a adicionar uma tag!

MARC

LEADER 00000nam a2200000 4500
001 0278664
005 20240226134307.4
020 |a 978-81-321-1366-9 
041 0 |a eng 
044 |a IN 
245 1 0 |a Research Methods for Business and Social Science Students  |c John Adams, Hafiz T. A. Khan, Robert Raeside 
250 |a 2nd Edition 
264 1 |a New Delhi  |b SAGE  |c 2014 
300 |a 287 s. 
610 2 0 |a metódy výskumu 
610 2 0 |a podnikanie 
610 2 0 |a vedy spoločenské 
610 2 0 |a študenti 
610 2 0 |a výskum 
610 2 0 |a prieskum 
610 2 0 |a metodológia 
610 2 0 |a zber dát 
610 2 0 |a spracovanie dát 
610 2 0 |a analýza dát 
610 2 0 |a korelácia 
610 2 0 |a regresia 
610 2 0 |a prezentácia 
100 1 |a Adams, John 
700 1 |a Khan, Hafiz T. A. 
700 1 |a Raeside, Robert